书目信息 |
| 题名: |
环境化学教程
|
|
| 作者: | 邓南圣 , 吴峰 编著 | |
| 分册: | ||
| 出版信息: | 武汉 武汉大学出版社 2006.09 |
|
| 页数: | 323页 | |
| 开本: | 26cm | |
| 丛书名: | 高等院校环境科学教材 | |
| 单 册: | ||
| 中图分类: | X13 | |
| 科图分类: | ||
| 主题词: | 环境化学--huan jing hua xue--高等学校--教材 | |
| 电子资源: | ||
| ISBN: | 7-307-04728-4 | |
| 000 | 01030nam 2200277 450 | |
| 001 | 012006161625 | |
| 005 | 20061219144726.92 | |
| 010 | @a7-307-04728-4@dCNY30.00 | |
| 100 | @a20061123d2006 km y0chiy0120 ea | |
| 101 | 0 | @achi |
| 102 | @aCN@b420000 | |
| 105 | @ay a 000yy | |
| 200 | 1 | @a环境化学教程@Ahuan jing hua xue jiao cheng@f邓南圣, 吴峰编著@Fdeng nan sheng,wu feng bian zhu |
| 205 | @a第2版 | |
| 210 | @a武汉@c武汉大学出版社@d2006.09 | |
| 215 | @a323页@d26cm | |
| 225 | 2 | @a高等院校环境科学教材@Agao deng yuan xiao huan jing ke xue jiao cai |
| 320 | @a有书目 (第322-323页)。 | |
| 330 | @a本书以环境中化合物发生的主要物理、化学和生物过程为主线,比较详细地介绍了这些过程的基本规律及机制,深入阐述了人为污染物对这些过程的扰动、机制、产物的后果及其影响。 | |
| 410 | 0 | @12001 @a高等院校环境科学教材 |
| 606 | 0 | @a环境化学@Ahuan jing hua xue@x高等学校@j教材 |
| 690 | @aX13@v4 | |
| 701 | 0 | @a邓南圣@Adeng nan sheng@4编著 |
| 701 | 0 | @a吴峰@Awu feng@4编著 |
| 801 | 0 | @aCN@c20061219 |
| 905 | @a10447@dX13@eD306 | |
| 环境化学教程/邓南圣, 吴峰编著.-第2版.-武汉:武汉大学出版社,2006.09 |
| 323页;26cm.-(高等院校环境科学教材) |
| ISBN 7-307-04728-4:CNY30.00 |
| 本书以环境中化合物发生的主要物理、化学和生物过程为主线,比较详细地介绍了这些过程的基本规律及机制,深入阐述了人为污染物对这些过程的扰动、机制、产物的后果及其影响。 |
| ● |
| 相关链接 |
|
|
|
正题名:环境化学教程
索取号:X13/D306
 
预约/预借
| 序号 | 登录号 | 条形码 | 馆藏地/架位号 | 状态 | 备注 |
| 1 | 229014 | 202290145 | 自科库501/501自科库 62排1列3层/ [索取号:X13/D306] | 在馆 | |
| 2 | 229015 | 202290154 | 自科库501/501自科库 62排1列3层/ [索取号:X13/D306] | 在馆 | |
| 3 | 229016 | 202290163 | 自科库501/501自科库 62排1列3层/ [索取号:X13/D306] | 在馆 |